Osobitná úprava uplatňovania dane pre cestovné kancelárie a cestovné agentúry - zmeny s účinnosťou od 1. januára 2018
Komentár k novele zákona o DPH od 1. januára 2018 k osobitnej úprave uplatňovania dane pre cestovné kancelárie a cestovné agentúry podľa paragrafu 65 zákona o DPH.
Salvato in:
| Autore principale: | |
|---|---|
| Altri autori: | |
| Natura: | Capitolo di libro |
| Lingua: | slovacco |
| Soggetti: | |
| Tags: |
Nessun Tag, puoi essere il primo ad aggiungerne!!
|
MARC
| LEADER | 00000naa a2200000 4500 | ||
|---|---|---|---|
| 001 | 0241868 | ||
| 005 | 20240502073934.0 | ||
| 041 | 0 | |a slo | |
| 044 | |a SK | ||
| 245 | 1 | 0 | |a Osobitná úprava uplatňovania dane pre cestovné kancelárie a cestovné agentúry - zmeny s účinnosťou od 1. januára 2018 |c Michal Kováčik, Martina Mateášová |
| 520 | |a Komentár k novele zákona o DPH od 1. januára 2018 k osobitnej úprave uplatňovania dane pre cestovné kancelárie a cestovné agentúry podľa paragrafu 65 zákona o DPH. | ||
| 610 | 2 | 0 | |a dane z hodnoty pridanej |
| 610 | 2 | 0 | |a novelizácia |
| 610 | 2 | 0 | |a komentáre |
| 610 | 2 | 0 | |a kancelárie cestovné |
| 610 | 2 | 0 | |a agentúry cestovné |
| 100 | 1 | |a Kováčik, Michal, 1983- | |
| 700 | 1 | |a Mateášová, Martina, 1979- | |